Départements français (80-89) - Statistiques

Statistiques générales
  • Ce quiz a été pris 21 fois
  • Le résultat moyen est 9 sur 10
Statistiques - réponses
Hint Réponse % Correct
84 Vaucluse
100%
83 Var
95%
89 Yonne
90%
81 Tarn
86%
82 Tarn-et-Garonne
86%
85 Vendée
86%
88 Vosges
86%
80 Somme
81%
86 Vienne
81%
87 Haute-Vienne
67%
Aucun quiz correspondant
Distribution des résultats
% des personnes avec chaque résultat
Percentile par nombre de réponses
Votre historique - résultats
Vous n’avez pas pris ce quiz